| 000 | 00977nac a22002651u 4500 | ||
|---|---|---|---|
| 010 | _a 2002107965 | ||
| 020 | _a0072482591 (alk. paper) | ||
| 020 | _a0071199349 (international : alk. paper) | ||
| 082 | 0 | 0 |
_a658.311 _bHEN |
| 090 |
_c5665 _d5665 |
||
| 100 | _aHeneman, Herbert Gerha | ||
| 245 | 1 | 0 |
_aStaffing organizations / _cHerbert G. Heneman, Timothy A. Judge. |
| 250 | _a4th ed. | ||
| 260 |
_aMiddleton, WI : _bMendota House ; _aBoston : _bMcGraw-Hill, _cc2003. |
||
| 300 |
_axv, 728 p. : _bill. ; _c24 cm. |
||
| 500 | _aIncludes indexes. | ||
| 500 | _aDistributer : Al-Ahram. | ||
| 511 | _aCatalogued By : Mahitab. | ||
| 650 | 0 |
_aEmployees _xRecruiting. |
|
| 650 | 0 | _aEmployee selection. | |
| 700 | 1 | _aJudge, Tim. | |
| 856 | 4 | 1 |
_3Table of contents _uhttp://www.loc.gov/catdir/toc/mh023/2002107965.html |
| 856 | 4 | 1 |
_3Publisher description _uhttp://www.loc.gov/catdir/description/mh024/2002107965.html |
| 942 |
_cBB _k658.311HEN |
||
| 999 |
_c5665 _d5665 |
||